000 00671nam a2200217Ia 4500
001 18711
003 GE_BSU
008 181216s||||||||xx |||||||||||||| ||und||
040 _cGE_BSU
245 _aПсихологический журнал. Том 37, №5. 2016.
245 _cгл. ред.РАН А.Л.Журавлев и др.
260 _aМосква
260 _bНаука
260 _c2016
300 _a128стр; таб,29см.
520 _aВыходит 6 паз в год
653 _aПериодика
653 _aПсихологический журнал. Том 37, №5. 2016.
653 _aპერიოდიკა
942 _cCR
999 _c51720
_d51720